BIBLIOTECA

SENCICO

Plus shop (Registro nro. 2476)

Detalles MARC
000 -LEADER
fixed length control field 00643nam a2200229Ia 4500
005 - DATE AND TIME OF LATEST TRANSACTION
control field 20251020182543.0
008 - FIXED-LENGTH DATA ELEMENTS--GENERAL INFORMATION
fixed length control field 200515s9999 xx 000 0 und d
020 ## - INTERNATIONAL STANDARD BOOK NUMBER
International Standard Book Number 978-84-96429-41-3
082 ## - DEWEY DECIMAL CLASSIFICATION NUMBER
Classification number 747.16/M61
100 ## - MAIN ENTRY--PERSONAL NAME
Personal name Minguet, Josep María
245 #0 - TITLE STATEMENT
Title Plus shop
260 ## - PUBLICATION, DISTRIBUTION, ETC.
Place of publication, distribution, etc. Barcelona
260 ## - PUBLICATION, DISTRIBUTION, ETC.
Name of publisher, distributor, etc. Monsa
260 ## - PUBLICATION, DISTRIBUTION, ETC.
Date of publication, distribution, etc. 2010
300 ## - PHYSICAL DESCRIPTION
Extent 95 p.
300 ## - PHYSICAL DESCRIPTION
Other physical details il.
500 ## - GENERAL NOTE
General note 1 ejemplar
520 ## - SUMMARY, ETC.
Summary, etc. Diseños punteros y originalidad defines sólo en parte las acciones creativas emprendidas en la renovación de estos espacios o en su construcción desde cero
650 ## - SUBJECT ADDED ENTRY--TOPICAL TERM
Topical term or geographic name entry element ZAPATERIAS
942 ## - ADDED ENTRY ELEMENTS (KOHA)
Koha item type Libros
Existencias
Fecha de la última vez que lo usaron Pago total Signatura topográfica completa Código de barras Precio efectivo desde Tipo de documento Estado perdido Estado dañado No es para préstamo Retirado Ubicación permanente Ubicación actual Fecha de adquisición
15/05/2020   747.16/M61 Bib-Lima15052476 15/05/2020 Libros         Biblioteca Central Lima Biblioteca Central Lima 15/05/2020